000 00401pab a2200145 454500
008 180718b1986 xxu||||| |||| 00| 0 eng d
100 _aDastmalchian, Ali
245 _aEnviornmental characterististics and organisational climate
_bAn exploratory study
260 _c1986
300 _a609-33
362 _aNov.
650 _aOrganisation
773 _aJournal of Management Studies
909 _a14476
999 _c14476
_d14476